Największe kontynenty świata w kolejności - Statystyki

Ogólne statystyki
  • Ten quiz został rozwiązany 583 razy
  • Średni wynik to 6 z 7
Statystyki odpowiedzi
# Odpowiedź % Poprawnych
1 Azja
100%
2 Afryka
94%
3 Ameryka Północna
90%
4 Ameryka Południowa
87%
6 Europa
74%
5 Antarktyda
67%
7 Oceania
41%
Nie znaleziono quizów pasujących do podanych kryteriów
Rozkład punktacji
Procent ludzi z każdym wynikiem
Percentyl według liczby udzielonych odpowiedzi
Twoja historia wyników
Nie rozwiązałeś tego quizu